000 00645nam a2200181Ia 4500
008 151018s9999 xx 000 0 und d
082 _bRBASDV33293
_a891.461
100 _aशिरीष पै
245 _aसुरेश भट ह्यांची निवडक कविता
250 _b1
260 _bअनुभव
_c1997
300 _a206
600 _aशिरीष पै
630 _aसुरेश भट ह्यांची निवडक कविता
700 _aशिरीष पै
730 _aसुरेश भट ह्यांची निवडक कविता
942 _cBOOK
999 _c1032808
_d1032805